000 00545nam a2200181Ia 4500
003 GCL
008 140319s9999 xx 000 0 ara d
040 _aGCL /
_cGCL
082 0 4 _a219.1
_bس ع
100 1 _aسميح عاطف الزين
245 1 0 _aعوامل ضعف المسلمين /
_cسميح عاطف الزين
260 _aالقاهرة :
_bدار الكتاب المصرى ،
_c1978
300 _a59 ص ؛
_c19 سم
490 _a
650 0 4 _aالاسلام
650 0 4 _aالحضارة الاسلامية
942 _2ddc
_cBK
999 _c54595
_d54595